[Event "GER-chT U16"]
[Site "Verden an der Aller"]
[Date "2009.12.27"]
[Round "2.1"]
[White "Kuhlemann, Alexander"]
[Black "Mao, Kevin"]
[Result "1/2-1/2"]
[WhiteElo "1855"]
[BlackElo "1706"]
[PlyCount "68"]
[EventDate "2009.12.27"]
[EventType "team-swiss"]
[EventRounds "7"]
[EventCountry "GER"]
[SourceTitle "EXT 2022"]
[Source "ChessBase"]
[SourceDate "2021.10.06"]
[SourceVersion "1"]
[SourceVersionDate "2021.10.06"]
[SourceQuality "1"]
[WhiteTeam "Bamberg SC U16"]
[BlackTeam "Gernsheim U16"]
[WhiteTeamCountry "GER"]
[BlackTeamCountry "GER"]

1. f4 Nc6 2. e3 d6 3. Nf3 Nf6 4. d4 Bf5 5. Bb5 g6 6. d5 a6 7. dxc6 axb5 8. cxb7 Rb8 9. a4 bxa4 10. Rxa4 Rxb7 11. Nc3 Bg7 12. 0-0 0-0 13. Nd4 Bd7 14. Ra1 c5 15. Nde2 Bc6 16. Ng3 Rb8 17. e4 Nd7 18. Qg4 e6 19. Ra2 d5 20. e5 f5 21. exf6 Qxf6 22. Ra6 Rb6 23. Rxb6 Nxb6 24. Re1 Bd7 25. Qf3 Qf7 26. Nd1 Nc4 27. b3 Nd6 28. Nf2 Nf5 29. Nxf5 Qxf5 30. c4 d4 31. Nd3 Rb8 32. g4 Qf8 33. Nxc5 Bc8 34. Ba3 Rb6 1/2-1/2

[Event "Regionalliga NO 0910"]
[Site "Bayern"]
[Date "2009.10.18"]
[Round "1.8"]
[White "Behrens, Kai"]
[Black "Kuhlemann, Alexander"]
[Result "0-1"]
[WhiteElo "1896"]
[BlackElo "1891"]
[PlyCount "50"]
[EventDate "2009.10.18"]
[EventType "team-tourn"]
[EventRounds "9"]
[EventCountry "GER"]
[SourceTitle "EXT 2011"]
[Source "ChessBase"]
[SourceDate "2010.11.26"]
[SourceVersion "1"]
[SourceVersionDate "2010.11.26"]
[SourceQuality "1"]
[WhiteTeam "Kareth Lappersdorf"]
[BlackTeam "Buechenbach/Roth"]
[WhiteTeamCountry "GER"]
[BlackTeamCountry "GER"]

1. d4 e6 2. c4 f5 3. Nc3 Nf6 4. a3 Be7 5. Nf3 d6 6. e3 0-0 7. Be2 Qe8 8. 0-0 Qg6 9. b4 Ne4 10. Qc2 a5 11. bxa5 Nxc3 12. Qxc3 Nc6 13. Rb1 Rxa5 14. d5 exd5 15. cxd5 Rc5 16. Qd2 Na5 17. Qa2 f4 18. exf4 Bf5 19. Rb2 Bh3 20. Ne1 Rxc1 21. Bd3 Bf5 22. Bxf5 Qxf5 23. Rb5 b6 24. Qe2 Bf6 25. Qd2 Ra1 0-1

[Event "Oberfranken-ch U16 0809"]
[Site "Schney"]
[Date "2009.01.03"]
[Round "3"]
[White "Kuhlemann, Alexander"]
[Black "Kuespert, Sven"]
[Result "1-0"]
[WhiteElo "1742"]
[BlackElo "1873"]
[PlyCount "91"]
[EventDate "2009.01.02"]
[EventType "swiss"]
[EventRounds "7"]
[EventCountry "GER"]
[SourceTitle "EXT 2012"]
[Source "ChessBase"]
[SourceDate "2011.11.24"]
[SourceVersion "1"]
[SourceVersionDate "2011.11.24"]
[SourceQuality "1"]

1. f4 d5 2. Nf3 b6 3. e3 Bb7 4. b3 Nf6 5. Bb2 e6 6. Bd3 c5 7. 0-0 Nbd7 8. Ne5 Be7 9. Nxd7 Qxd7 10. Qe2 0-0 11. Bb5 Qc8 12. g4 d4 13. h3 Rd8 14. Bd3 Qc6 15. Kh2 Rac8 16. Na3 dxe3 17. dxe3 Bd6 18. Nb5 Ra8 19. Nxd6 Rxd6 20. Be5 Rdd8 21. Rad1 a5 22. g5 Nd7 23. Bb5 Qc8 24. Bd6 Nf8 25. Be7 Rxd1 26. Rxd1 Bc6 27. Rd6 Qe8 28. Rxc6 Qxe7 29. Rxb6 e5 30. Qg2 Ra7 31. f5 e4 32. Qg3 Rb7 33. Rxb7 Qxb7 34. Bc4 Qd7 35. Qf2 Qd6+ 36. Kg2 Nd7 37. Be2 h6 38. h4 hxg5 39. hxg5 Nb8 40. g6 f6 41. Qh4 Nc6 42. Bc4+ Kf8 43. Qh8+ Ke7 44. Qxg7+ Kd8 45. Qg8+ Kc7 46. Qd5 1-0

[Event "Oberfranken-ch op 0607"]
[Site "Schney"]
[Date "2007.01.03"]
[Round "5"]
[White "Kuhlemann, Alexander"]
[Black "Lieb, Fabian"]
[Result "1/2-1/2"]
[WhiteElo "1539"]
[BlackElo "1409"]
[PlyCount "58"]
[EventDate "2007.01.02"]
[EventType "swiss"]
[EventRounds "9"]
[EventCountry "GER"]
[SourceTitle "EXT 2024"]
[Source "ChessBase"]
[SourceDate "2023.10.10"]
[SourceVersion "1"]
[SourceVersionDate "2023.10.10"]
[SourceQuality "1"]

1. f4 g6 2. Nf3 d5 3. e3 Bg7 4. d4 Nf6 5. c3 0-0 6. Bd3 Bg4 7. 0-0 Ne4 8. Nbd2 f5 9. h3 Bxf3 10. Nxf3 Nd7 11. Ne5 e6 12. Bd2 c5 13. Be1 c4 14. Bc2 b5 15. g4 Nxe5 16. dxe5 Qb6 17. Qd4 Qxd4 18. exd4 Rf7 19. g5 Bf8 20. Bf2 a5 21. a3 Rfa7 22. Be1 a4 23. Kg2 h6 24. Bxe4 dxe4 25. h4 hxg5 26. hxg5 Rh7 27. Bf2 Rd8 28. Rad1 Rhd7 29. Rh1 Rh7 1/2-1/2

[Event "Oberfranken-ch op 0607"]
[Site "Schney"]
[Date "2007.01.02"]
[Round "2"]
[White "Pfadenhauer, Tobias"]
[Black "Kuhlemann, Alexander"]
[Result "0-1"]
[WhiteElo "1251"]
[BlackElo "1539"]
[PlyCount "84"]
[EventDate "2007.01.02"]
[EventType "swiss"]
[EventRounds "9"]
[EventCountry "GER"]
[SourceTitle "EXT 2024"]
[Source "ChessBase"]
[SourceDate "2023.10.10"]
[SourceVersion "1"]
[SourceVersionDate "2023.10.10"]
[SourceQuality "1"]

1. d4 Nf6 2. c4 e5 3. dxe5 Ng4 4. Nf3 Bc5 5. e3 Nc6 6. b3 Ngxe5 7. Bb2 Qe7 8. Nc3 Bb4 9. Be2 d6 10. 0-0 Bd7 11. Nd5 Nxf3+ 12. Bxf3 Qd8 13. Nxb4 Nxb4 14. Bxg7 Rg8 15. Bc3 Nc6 16. Kh1 Qg5 17. g3 0-0-0 18. Bg2 h5 19. h4 Qg6 20. Qb1 Bf5 21. Qd1 Ne7 22. Qf3 c6 23. Qd1 Bd3 24. Re1 Nf5 25. Qf3 d5 26. cxd5 cxd5 27. Qf4 Be4 28. Rac1 Bxg2+ 29. Kxg2 Rd6 30. Be5+ Rc6 31. Rxc6+ bxc6 32. Rc1 Kd7 33. Bd4 Qe6 34. Rc5 Rg4 35. Qb8 Nxh4+ 36. Kf1 Qe4 37. Qb7+ Ke8 38. Qxc6+ Kf8 39. Qd6+ Kg8 40. Rc8+ Kh7 41. gxh4 Qd3+ 42. Ke1 Rg1# 0-1

[Event "Seebach op 16th"]
[Site "Grossenseebach"]
[Date "2005.05.27"]
[Round "3"]
[White "Hertrich, Werner"]
[Black "Kuhlemann, Alexander"]
[Result "1/2-1/2"]
[WhiteElo "1747"]
[BlackElo "1315"]
[PlyCount "36"]
[EventDate "2005.05.26"]
[EventType "swiss"]
[EventRounds "7"]
[EventCountry "GER"]
[SourceTitle "EXT 2018"]
[Source "ChessBase"]
[SourceDate "2017.10.13"]
[SourceVersion "1"]
[SourceVersionDate "2017.10.13"]
[SourceQuality "1"]

1. Nf3 f5 2. g3 Nf6 3. Bg2 e6 4. 0-0 Be7 5. d4 0-0 6. c4 d6 7. Nc3 Bd7 8. Re1 Nc6 9. e4 fxe4 10. Nxe4 Nxe4 11. Rxe4 d5 12. Re1 Bb4 13. Bg5 Qc8 14. Re3 h6 15. Bf4 g5 16. Qd3 Qe8 17. Bxc7 Qf7 18. Rf1 Rac8 1/2-1/2

[Event "Bayern-ch U10"]
[Site "Mimberg"]
[Date "2002.04.04"]
[Round "6"]
[White "Kuhlemann, Alexander"]
[Black "Riexinger, Martin"]
[Result "1-0"]
[WhiteElo "829"]
[BlackElo "805"]
[PlyCount "77"]
[EventDate "2002.04.??"]
[EventType "swiss"]
[EventRounds "7"]
[EventCountry "GER"]
[SourceTitle "EXT 2004"]
[Source "ChessBase"]
[SourceDate "2003.11.25"]
[SourceVersion "1"]
[SourceVersionDate "2003.11.25"]
[SourceQuality "1"]

1. d4 d5 2. c4 dxc4 3. e3 Nf6 4. Bxc4 Nc6 5. Nf3 Bf5 6. Nc3 e6 7. 0-0 Bd6 8. Re1 Ne4 9. d5 Nxc3 10. bxc3 exd5 11. Qxd5 Be6 12. Qe4 Qd7 13. Ng5 0-0-0 14. Nxe6 fxe6 15. Bxe6 Qxe6 16. Qxe6+ Kb8 17. e4 Be5 18. Qb3 Na5 19. Qa3 Nc4 20. Qb4 Nb6 21. Rb1 Bd6 22. Qb2 Bc5 23. Be3 Bxe3 24. Rxe3 Rd7 25. h3 Kc8 26. Qe2 Na4 27. Qg4 Nc5 28. Rd1 Rhd8 29. Rxd7 Rxd7 30. Rf3 Kd8 31. Rf8+ Ke7 32. Qxg7+ Kd6 33. Rf6+ Ne6 34. Qg3+ Ke7 35. Rh6 Nf8 36. Qg7+ Ke8 37. Qg8 Rf7 38. Re6+ Re7 39. Rf6 1-0

[Event "Bayern-ch U10"]
[Site "Mimberg"]
[Date "2002.04.01"]
[Round "1"]
[White "Jorczik, Julian Marcel"]
[Black "Kuhlemann, Alexander"]
[Result "1-0"]
[WhiteElo "1451"]
[BlackElo "829"]
[PlyCount "75"]
[EventDate "2002.04.??"]
[EventType "swiss"]
[EventRounds "7"]
[EventCountry "GER"]
[SourceTitle "EXT 2004"]
[Source "ChessBase"]
[SourceDate "2003.11.25"]
[SourceVersion "1"]
[SourceVersionDate "2003.11.25"]
[SourceQuality "1"]

1. d4 d5 2. c4 e6 3. Nc3 Nf6 4. Bg5 Nc6 5. cxd5 exd5 6. Bxf6 Qxf6 7. Nxd5 Qxd4 8. Qxd4 Nxd4 9. Nxc7+ Kd8 10. Nxa8 Nc2+ 11. Kd2 Nxa1 12. f3 Bf5 13. e4 Bb4+ 14. Kc1 Be6 15. Kb1 Bxa2+ 16. Kxa2 Nc2 17. Kb3 Ne3 18. Kxb4 Nxf1 19. Nh3 Ne3 20. g3 f5 21. Nf2 Kc8 22. Kc3 Rd8 23. Re1 Ng2 24. Re2 fxe4 25. Nxe4 Rd1 26. Rxg2 Re1 27. Rc2 Re3+ 28. Kd4+ Kb8 29. Nd6 a6 30. Rc8+ Ka7 31. Kxe3 g5 32. Nxb7 Kxb7 33. Rc7+ Kxa8 34. Kd4 Kb8 35. Rxh7 Kc8 36. Kd5 Kd8 37. Ke6 Kc8 38. Kd6 1-0